Strategie podniku a teorie "udržitelného růstu"
Vzťah podniku k životnému prostrediu. Tzv. teória udržateľného rastu. Pojem a interpretácia tejto teórie. Ekologický aspekt, sociologický aspekt a ekonomická interpretácia. Koncepcia udržateľného rozvoja a politické strany. Závery pre stratégiu podniku.
Salvato in:
| Autore principale: | |
|---|---|
| Altri autori: | |
| Natura: | Capitolo di libro |
| Lingua: | ceco |
| Soggetti: | |
| Tags: |
Nessun Tag, puoi essere il primo ad aggiungerne!!
|
MARC
| LEADER | 00000naa a2200000 4500 | ||
|---|---|---|---|
| 001 | r022809 | ||
| 005 | 20230502114102.6 | ||
| 041 | 0 | |a cze | |
| 044 | |a CZ | ||
| 245 | 1 | 0 | |a Strategie podniku a teorie "udržitelného růstu" |c Miroslav Farský, Libor Měsíček |
| 520 | |a Vzťah podniku k životnému prostrediu. Tzv. teória udržateľného rastu. Pojem a interpretácia tejto teórie. Ekologický aspekt, sociologický aspekt a ekonomická interpretácia. Koncepcia udržateľného rozvoja a politické strany. Závery pre stratégiu podniku. | ||
| 610 | 2 | 0 | |a rozvoj trvalo udržateľný |
| 610 | 2 | 0 | |a stratégia podniková |
| 610 | 2 | 0 | |a pojmy |
| 610 | 2 | 0 | |a ekológia |
| 610 | 2 | 0 | |a sociológia |
| 610 | 2 | 0 | |a ekonómia |
| 610 | 2 | 0 | |a politika |
| 100 | 1 | |a Farský, Miroslav | |
| 700 | 1 | |a Měsíček, Libor | |